000 00795nam a2200229Ia 4500
003 GCL
008 140319s9999 xx 000 0 ara d
040 _aGCL /
_cGCL
082 0 4 _a721
_bع ا
100 1 _aعلى رافت
245 1 0 _aالابداع المادى فى العمارة ( 1 ) :
_bالابداع الانشائى فى العمارة ( 1\2 ) /
_cعلى رافت
260 _aالقاهرة :
_bمركز ابحاث انتركونسلت ،
_c1996
300 _a247 ص ؛
_c30 سم
490 _aثلاثية الابداع المعمارى
_v1
650 0 4 _aالفن
650 0 4 _aالعمارة
650 0 4 _aالقباب
650 0 4 _aالهندسة المعمارية
650 0 4 _aالانشاءات المعمارية
650 0 4 _aالسلالم
942 _2ddc
_cBK
999 _c51781
_d51781